Enterprise Captains Quiz Stats

 Plays Quiz Updated Jan 30, 2012

Score 0/12 Timer 03:00
1 Play Today
Ship Captain % Correct
NCC-1701James T. Kirk
98.4%
NCC-1701-AJames T. Kirk
98.4%
NCC-1701-DJean-Luc Picard
91.2%
NCC-1701-EJean-Luc Picard
91.2%
NCC-1701Spock
75.2%
NCC-1701-DWilliam Riker
59.4%
NCC-1701Christopher Pike
57.6%
NX-01Jonathan Archer
47.2%
NCC-1701Willard Decker
16.4%
NCC-1701-CRachel Garrett
13.3%
NCC-1701-DEdward Jellico
12.9%
NCC-1701-BJohn Harriman
12.2%

You're not logged in!

Compare scores with friends on all Sporcle quizzes.
OR
Log In

Sporcle TV

Today on Sporcle TV


Watch our educational content, quiz creation guides, and fun videos on Sporcle TV.

Show Comments

Extras

Top Quizzes Today


Score Distribution

Your Account Isn't Verified!

In order to create a playlist on Sporcle, you need to verify the email address you used during registration. Go to your Sporcle Settings to finish the process.

Report this User

Report this user for behavior that violates our Community Guidelines.

Details: